| 000 | 00356nam a22001457a 4500 | ||
|---|---|---|---|
| 003 | MACL | ||
| 005 | 20191119152640.0 | ||
| 008 | 191119b xxu||||| |||| 00| 0 eng d | ||
| 040 | _cMACL | ||
| 100 |
_aPandey, Ashok _977182 |
||
| 245 | _aFrom Inside The Steel Frame | ||
| 260 |
_aDelhi _bPalimpsest Pub _c2016 |
||
| 650 |
_aStory _977183 |
||
| 942 |
_2ddc _cBK |
||
| 999 |
_c61341 _d61341 |
||